000 00302nam a2200145Ia 4500
100 _aGUPTA VIKAS
650 _aCOMP.
942 _cBK
366 _f25
245 _aCOMDEX HARDWARE AND NETWORKING
260 _bDREAMTECH PUBL.
_aNew Delhi
_c2012
300 _a840
546 _aENGLISH
999 _c19316
_d19316